000 00436nam a2200157 i 4500
001 75850
003 ES-MaACL
005 20230906172624.0
007 t|
008 040928s1918 xxu ||||1| eng d
100 1 _aGraves, Frank Pierrepont.
_959779
245 1 2 _aA history of education /
_cFrank Pierrepont Graves.
260 _aNew York :
_bMacmillan and CÂș,
_c1918.
300 _aXVI, 328 p. ;
_c19 cm.
852 _aES-MaACL
_jF-8035
999 _c75850
_d75850